000 00538nam a22001937a 4500
001 BD-DhSAU 6559
003 BD-DhSAU
005 20150510104846.0
008 150510b1992 bg a|||| |||| 000 0 eng d
040 _aBD-DhSAU
082 _222
_a633.725492
_bBAN
110 _aBangladesh Tea Rehabilitation Project.
245 _aBangladesh tea handbook /
260 _aChittagong :
_bBangladesh Tea Rehabilitation Project,
_cc1992.
300 _a177 p. :
_bill. ;
_c22 cm.
590 _ajoy
650 _aAgronomy.
650 _aTea.
_zBangladesh.
942 _2ddc
_cBOOK
999 _c6559
_d6559